FIFA World Cup 2026 - DR Congo Squad - Statistics

General Stats
  • This quiz has been taken 4 times
  • The average score is 9 of 27
Answer Stats
Team # Position Club/Country Player % Correct
DR Congo 26 LB RC Lens Arthur Masuaku
100%
DR Congo 17 ST Real Betis Balompié Cédric Bakambu
100%
DR Congo 2 RB West Ham United Aaron Wan-Bissaka
75%
DR Congo 22 CB LOSC Lille Chancel Mbemba
75%
DR Congo 11 AM AE Larisa Gaël Kakuta
75%
DR Congo 8 CM Atromitos Athens Samuel Moutoussamy
75%
DR Congo 20 ST Newcastle United Yoane Wissa
75%
DR Congo 4 CB Burnley FC Axel Tuanzebe
50%
DR Congo 14 CM Sunderland AFC Noah Sadiki
50%
DR Congo 10 RW Spartak Moscow Théo Bongonda
50%
DR Congo 9 LW CD Castellón Brian Cipenga
25%
DR Congo 18 DM RCD Espanyol Barcelona Charles Pickel
25%
DR Congo 5 CB AE Larisa Dylan Batubinsika
25%
DR Congo 7 LW Montpellier HSC Nathanaël Mbuku
25%
DR Congo 6 DM LOSC Lille Ngal'ayel Mukau
25%
DR Congo 16 GK FC Noah Yerevan Timothy Fayulu
25%
DR Congo 15 CM Kilmarnock FC Aaron Tshibola
0%
DR Congo 25 CM Watford FC Edo Kayembe
0%
DR Congo 19 ST Pyramids FC Fistyon Mayele
0%
DR Congo 24 RB Aris Limassol Gédéon Kalulu
0%
DR Congo 12 LB KRC Genk Joris Kayembe
0%
DR Congo 1 GK Le Havre AC Lionel Mpasi-Nzau
0%
DR Congo 21 GK Standard Liège Matthieu Epolo
0%
DR Congo 13 AM Alanyaspor Meshack Elia
0%
DR Congo Manager France Sébastien Desabre
0%
DR Congo 23 ST Al-Jazira Club Simon Banza
0%
DR Congo 3 CB Widzew Lodz Steve Kapuadi
0%
No matching quizzes found
Score Distribution
Percent of People with Each Score
Percentile by Number Answered
Your Score History
You have not taken this quiz